000 00599nam a2200193Ia 4500
003 GCL
008 140319s9999 xx 000 0 ara d
020 _a5372215977
040 _aGCL /
_cGCL
082 0 4 _aط
_b813
_bن ا
100 1 _aناجى احمد عباس
245 1 0 _aايوب حايخضر مصر /
_cناجى احمد عباس
260 _aالقاهرة :
_bدار غريب للطباعة والنشر والتوزيع ،
_c1998
300 _a26 ص ؛
_c20 سم
650 0 4 _aالاطفال
650 0 4 _aقصص الاطفال
650 0 4 _aادب الاطفال
942 _2ddc
_cBK
999 _c9132
_d9132